| 000 | 00639nam a22001937a 4500 | ||
|---|---|---|---|
| 003 | 0 | ||
| 005 | 20240807112508.0 | ||
| 008 | 240807b xxu||||| |||| 00| 0 eng d | ||
| 020 | _a978-1-5297-7376-7 | ||
| 050 |
_aBF 201 _b.Sh53 2024 |
||
| 100 | _aShackleton, Scott Macdougall A. | ||
| 245 |
_aEvolution & psychology _cScott A. Macdougall Shackleton |
||
| 260 |
_aLondon _bSage Publications _c2024 |
||
| 300 |
_aix, 469 pages: _bblack and white illustrations; _c24cm. |
||
| 504 | _aIncludes bibliographical references, index, and glossary. | ||
| 650 | _aCognitive psychology. | ||
| 650 | _aGenetic psychology. | ||
| 942 |
_2lcc _cBK |
||
| 999 |
_c366049 _d366049 |
||